000
00487nam a2200181Ia 4500
008
100917s9999 xx 000 0 und d
082
_b
44568
100
_a
माडगुळकर ग. दि.
245
_a
चैत्रबन
260
_b
देशमुख प्रकाशन
_c
1961
300
_a
136
365
_b
25
520
_a
कविता
630
_a
चैत्रबन
650
_a
कविता
730
_a
चैत्रबन
942
_c
BOOK
999
_c
649962
_d
649959